000 00586nam a2200253Ia 4500
005 20260121161107.0
008 008 260114s9999 xx 000 0 eng d
020 _a9780429444098
037 _aEBOOK
040 _aCRL
040 _beng
040 _cCRL
041 _2eng
041 _aeng
084 _qCRL
100 _a George Hicks
_91040126
245 0 _aJapan's War Memories
260 _bTaylor and Francis
260 _c1997
856 _uhttp://www.taylorfrancis.com/books/9780429444098
942 _cEBOOK
999 _c1606942
_d1606942